000 00900nam a2200277 i 4500
003 DO-SdBNP
005 20240903153506.0
007 ta
008 240903b1994 dr ||||| |||| 00| 0 spa d
020 _a9788471519573
040 _aDO-SdBNP
_bspa
_cBNPHU
_erda
082 4 _222
100 _aRodríguez, Saturnino,
_eautor
_4aut.
_986509
245 1 0 _aSanto Domingo encrucijada de la iglesia /
_cSaturnino Rodríguez, Fausto Rosario Adames
264 1 _aNavarra, España :
_bEditorial Verbo Divino,
_c1994.
300 _a471 páginas ;
_c23 cm.
336 _atexto
_btxt
_2rdacontent
337 _asin mediación
_bn
_2rdamedia
338 _avolumen
_bnc
_2rdacarrier
490 _aHorizonte
500 _aIncluye referencias bibliográficas y notas al pie de las páginas
590 _aInventariado, 2024/BT
700 _aRosario Adames, Fausto
_914484
910 _aBtavárez
942 _2ddc
_cLBS1
999 _c57618
_d57618